| 000 | 00385nam a2200157Ia 4500 | ||
|---|---|---|---|
| 008 | 230312s9999||||xx |||||||||||||| ||und|| | ||
| 020 | _a0-7494-4442-8 | ||
| 082 |
_a658.404 _bWEL |
||
| 100 | _aWell-Stam. D van | ||
| 245 | 0 | _aProject Risk Management | |
| 260 |
_bKogan Page _aLondon _c2005 |
||
| 300 | _a180 | ||
| 546 | _aEng. | ||
| 650 |
_aManagement _vwhy risk management |
||
| 942 | _cBK | ||
| 999 |
_c297 _d297 |
||